|
|
|
|
| LEADER |
00000nab a2200000 a 4500 |
| 001 |
vtls009187616 |
| 003 |
SK-MaSNL |
| 005 |
20260304151122.0 |
| 008 |
250506c1976 xo |r|p|||||||000 b|slo |
| 015 |
|
|
|a SNBRB1976
|
| 035 |
|
|
|a (uuid)d9179574-5310-4496-b379-337f5cbe7691
|
| 035 |
|
|
|a urn:nbn:sk:snk-ab11wu
|
| 035 |
|
|
|a (urnnbn)urn:nbn:sk:snk:ar-00530m
|
| 038 |
|
|
|a SNKBUCL
|
| 040 |
|
|
|a SNKBUCL
|b slo
|c SNKBUCL
|e AACR2
|
| 041 |
0 |
|
|a slo
|
| 044 |
|
|
|a xo
|c SK
|
| 080 |
|
|
|a 76.071.1
|2 1997
|
| 100 |
1 |
|
|a Kordošová, Gita,
|d 1940-
|4 aut
|9 228565
|
| 245 |
1 |
0 |
|a Emilio Greco grafika
|c Gita Kordošová
|
| 600 |
1 |
7 |
|a Greco, Emilio
|x výstavy
|2 snkbucl
|9 1287059
|
| 648 |
|
7 |
|a 1976
|2 snkbucl
|9 279488
|
| 773 |
0 |
|
|t Výtvarný život
|g Roč. 21, č. 9 (1976), s. 38-39
|
| 850 |
|
|
|a Slovenská národná knižnica
|
| 852 |
|
|
|a Slovenská národná knižnica
|
| 954 |
|
|
|a odborná, vedecká literatúra pôvodná (slovenská)
|2 lita
|
| 958 |
|
|
|a article2022
|
| 958 |
|
|
|a BC
|
| 958 |
|
|
|a IT
|
| 958 |
|
|
|a OND
|
| 958 |
|
|
|a EUIPO
|
| 999 |
|
|
|c 2941613
|d 2943543
|